000 00336nam a2200133Ia 4500
008 100328s9999 xx 000 0 und d
082 _b72484
100 _aनरवणे सुधा
245 _aघायाळ
260 _bनिशिगंधा.
630 _aघायाळ
730 _aघायाळ
942 _cBOOK
999 _c558205
_d558202